[Event "POL-chT 2nd League"]
[Site "Jastrzebia Gora"]
[Date "2022.09.03"]
[Round "1.42"]
[White "Wilk, Oktawia"]
[Black "Buchta, Agnieszka"]
[Result "1/2-1/2"]
[WhiteElo "1821"]
[BlackElo "1893"]
[PlyCount "108"]
[EventDate "2022.09.03"]
[EventType "team-swiss"]
[EventRounds "9"]
[EventCountry "POL"]
[SourceTitle "CBM 210 Extra"]
[Source "ChessBase"]
[SourceDate "2022.11.30"]
[SourceVersion "1"]
[SourceVersionDate "2022.11.30"]
[SourceQuality "1"]
[WhiteTeam "Gdansk Korona"]
[BlackTeam "Marklowice Hetman"]
[WhiteTeamCountry "POL"]
[BlackTeamCountry "POL"]

1. e4 c5 2. Nf3 e6 3. d4 cxd4 4. Nxd4 Nf6 5. Bd3 Nc6 6. Nxc6 bxc6 7. 0-0 d5 8. exd5 cxd5 9. Re1 Be7 10. b3 0-0 11. Bb2 Qb6 12. Nd2 a5 13. Qe2 Ba6 14. Bxa6 Rxa6 15. c4 a4 16. cxd5 Nxd5 17. Nc4 Qb7 18. Qf3 Rb8 19. Be5 Rba8 20. Rab1 Qb5 21. Qg3 Bf6 22. Bxf6 Nxf6 23. Ne5 h6 24. Qf3 axb3 25. axb3 Ra3 26. h3 Ra2 27. Nc4 Nd5 28. Rec1 Nb6 29. Qxf7+ Kxf7 30. Nd6+ Kf6 31. Nxb5 Nd5 32. Nc3 Nxc3 33. Rxc3 Rd2 34. Rf3+ Ke7 35. b4 Raa2 36. Rc1 Kd6 37. Rcc3 Rd1+ 38. Kh2 Rb2 39. Rb3 Rdd2 40. Kg3 e5 41. Rxb2 Rxb2 42. Rf7 Rb3+ 43. Kh2 Rxb4 44. Rxg7 h5 45. Rg5 h4 46. Rg4 Rf4 47. f3 Kd5 48. Kg1 Kd4 49. Kf2 Kd3 50. Rg5 e4 51. Rd5+ Kc4 52. Ke3 Rf8 53. Kxe4 Re8+ 54. Re5 Rg8 1/2-1/2

[Event "Poznan op 25th"]
[Site "Poznan"]
[Date "2017.08.27"]
[Round "9"]
[White "Polak, Karol"]
[Black "Wilk, Oktawia"]
[Result "0-1"]
[WhiteElo "1581"]
[BlackElo "1848"]
[PlyCount "88"]
[EventDate "2017.08.20"]
[EventType "swiss"]
[EventRounds "9"]
[EventCountry "POL"]
[SourceTitle "CBM 180 Extra"]
[Source "ChessBase"]
[SourceDate "2017.10.06"]
[SourceVersion "1"]
[SourceVersionDate "2017.10.06"]
[SourceQuality "1"]

1. e4 e6 2. Nf3 d5 3. exd5 exd5 4. d4 Bd6 5. Nc3 c6 6. Bd3 Bg4 7. Qe2+ Qe7 8. Qxe7+ Nxe7 9. Bg5 f6 10. Bh4 Nf5 11. Bxf5 Bxf5 12. 0-0-0 Bf4+ 13. Kb1 Nd7 14. Rde1+ Kf7 15. Bg3 Bxg3 16. hxg3 g5 17. Nh2 Rae8 18. Kc1 Nb6 19. b3 Nc8 20. g4 Bg6 21. f4 gxf4 22. Ne2 Re4 23. Rhf1 Rhe8 24. Kd2 Nd6 25. c3 Nb5 26. a4 Nd6 27. Nxf4 Rxe1 28. Rxe1 Rxe1 29. Kxe1 Bc2 30. b4 Bxa4 31. Nd3 Bb5 32. Kd2 Ne4+ 33. Kc2 b6 34. Nf4 Nf2 35. Kd2 a5 36. bxa5 bxa5 37. Kc2 Ba4+ 38. Kb2 Nd1+ 39. Ka3 Nxc3 40. Ne2 Nxe2 41. Kxa4 Nxd4 42. Kxa5 c5 43. Nf1 Nc2 44. Ka4 c4 0-1

[Event "Poznan op 25th"]
[Site "Poznan"]
[Date "2017.08.26"]
[Round "8"]
[White "Wilk, Oktawia"]
[Black "Godek, Martyna"]
[Result "1/2-1/2"]
[WhiteElo "1848"]
[BlackElo "1634"]
[PlyCount "48"]
[EventDate "2017.08.20"]
[EventType "swiss"]
[EventRounds "9"]
[EventCountry "POL"]
[SourceTitle "CBM 180 Extra"]
[Source "ChessBase"]
[SourceDate "2017.10.06"]
[SourceVersion "1"]
[SourceVersionDate "2017.10.06"]
[SourceQuality "1"]

1. e4 e5 2. Nf3 Nc6 3. Bb5 d6 4. 0-0 Bd7 5. c3 Nf6 6. Re1 Be7 7. d4 exd4 8. cxd4 0-0 9. Nc3 a6 10. Bc4 Bg4 11. Be2 b5 12. a3 Rb8 13. b4 Re8 14. d5 Ne5 15. Nxe5 Bxe2 16. Nxe2 dxe5 17. Ng3 Qd7 18. Nf5 Bf8 19. f3 c6 20. Bg5 Nxd5 21. Rc1 Rbc8 22. Be3 Nf6 23. Bc5 Re6 24. Qe2 g6 1/2-1/2

[Event "Poznan op 25th"]
[Site "Poznan"]
[Date "2017.08.23"]
[Round "5"]
[White "Czarnolewski, Piotr"]
[Black "Wilk, Oktawia"]
[Result "1-0"]
[WhiteElo "1677"]
[BlackElo "1848"]
[PlyCount "47"]
[EventDate "2017.08.20"]
[EventType "swiss"]
[EventRounds "9"]
[EventCountry "POL"]
[SourceTitle "CBM 180 Extra"]
[Source "ChessBase"]
[SourceDate "2017.10.06"]
[SourceVersion "1"]
[SourceVersionDate "2017.10.06"]
[SourceQuality "1"]

1. e4 e6 2. d3 d5 3. Nd2 c5 4. Ngf3 Nc6 5. g3 Nf6 6. Bg2 dxe4 7. dxe4 e5 8. 0-0 Bg4 9. h3 Bh5 10. Re1 h6 11. c3 Qc7 12. Qe2 a6 13. Nf1 Be7 14. g4 Bg6 15. Ng3 Nd7 16. Nf5 Bxf5 17. exf5 0-0-0 18. Nd2 Bg5 19. Ne4 f6 20. Be3 Ncb8 21. Qc4 Bxe3 22. Rxe3 Rhf8 23. b4 cxb4 24. Nd6# 1-0

[Event "Poznan op 25th"]
[Site "Poznan"]
[Date "2017.08.21"]
[Round "3"]
[White "Wojciechowski, Antoni"]
[Black "Wilk, Oktawia"]
[Result "1-0"]
[WhiteElo "1581"]
[BlackElo "1848"]
[PlyCount "111"]
[EventDate "2017.08.20"]
[EventType "swiss"]
[EventRounds "9"]
[EventCountry "POL"]
[SourceTitle "CBM 180 Extra"]
[Source "ChessBase"]
[SourceDate "2017.10.06"]
[SourceVersion "1"]
[SourceVersionDate "2017.10.06"]
[SourceQuality "1"]

1. Nf3 d5 2. g3 Bg4 3. Bg2 Nf6 4. 0-0 c5 5. d3 Nc6 6. Nbd2 e5 7. e4 dxe4 8. dxe4 Qd7 9. c3 Rd8 10. Qc2 Qd3 11. Qb3 Rd7 12. Qc4 b5 13. Qxd3 Rxd3 14. Ne1 Rd8 15. f3 Be6 16. b3 b4 17. c4 Nd4 18. Rf2 g6 19. Nf1 h5 20. Bg5 Be7 21. Ne3 Rd7 22. Bxf6 Bxf6 23. Nd5 Bg5 24. Nc2 f5 25. h4 Bd8 26. Nxd4 exd4 27. Bh3 Bxd5 28. cxd5 0-0 29. Rc1 Bb6 30. Re2 c4 31. bxc4 d3+ 32. c5 Bxc5+ 33. Rxc5 dxe2 34. Kf2 Re7 35. Kxe2 Rd8 36. Rb5 Kg7 37. Kd3 Rd6 38. Rxb4 Kf6 39. Kd4 Ra6 40. a4 Rb6 41. Rb5 Rxb5 42. axb5 Rb7 43. e5+ Ke7 44. Bf1 Kd7 45. d6 Rb6 46. Bc4 Ke8 47. Kc5 Kf8 48. Bd5 Ke8 49. Bc6+ Kf7 50. Kd5 Rb8 51. e6+ Kf6 52. e7 Kf7 53. e8Q+ Rxe8 54. Bxe8+ Kxe8 55. Kc6 Kd8 56. Kb7 1-0

[Event "Poznan op 25th"]
[Site "Poznan"]
[Date "2017.08.20"]
[Round "2"]
[White "Wilk, Oktawia"]
[Black "Orzechowski, Jacek"]
[Result "0-1"]
[WhiteElo "1848"]
[BlackElo "2069"]
[PlyCount "56"]
[EventDate "2017.08.20"]
[EventType "swiss"]
[EventRounds "9"]
[EventCountry "POL"]
[SourceTitle "CBM 180 Extra"]
[Source "ChessBase"]
[SourceDate "2017.10.06"]
[SourceVersion "1"]
[SourceVersionDate "2017.10.06"]
[SourceQuality "1"]

1. e4 c5 2. Nf3 e6 3. d4 cxd4 4. Nxd4 Nc6 5. Be3 Nf6 6. Nc3 Bb4 7. f3 d5 8. Nxc6 bxc6 9. exd5 Nxd5 10. Bd2 Nxc3 11. Bxc3 Bxc3+ 12. bxc3 Qa5 13. Qd4 0-0 14. Bd3 e5 15. Qb4 Qb6 16. Qe4 f5 17. Qxe5 Ba6 18. Qd4 c5 19. Qd5+ Kh8 20. Bxa6 Qxa6 21. Qd3 c4 22. Qd4 Rad8 23. Qf2 Rfe8+ 24. Kf1 Qxa2 25. Rc1 Qb2 26. Re1 Rxe1+ 27. Qxe1 Qxc2 28. Qe2 Rd1+ 0-1

[Event "POL-chT 2nd League"]
[Site "Jastrzebia Gora"]
[Date "2016.09.09"]
[Round "7.102"]
[White "Buchta, Agnieszka"]
[Black "Wilk, Oktawia"]
[Result "1/2-1/2"]
[WhiteElo "1611"]
[BlackElo "1704"]
[PlyCount "61"]
[EventDate "2016.09.03"]
[EventType "team-swiss"]
[EventRounds "9"]
[EventCountry "POL"]
[SourceTitle "EXT 2017"]
[Source "ChessBase"]
[SourceDate "2016.10.25"]
[SourceVersion "1"]
[SourceVersionDate "2016.10.25"]
[SourceQuality "1"]
[WhiteTeam "Lipusz WDA"]
[BlackTeam "Gniezno LKS Chrobry II"]
[WhiteTeamCountry "POL"]
[BlackTeamCountry "POL"]

1. e4 e6 2. d4 d5 3. e5 c5 4. c3 Nc6 5. Nf3 Qb6 6. a3 Nge7 7. b4 cxd4 8. cxd4 Nf5 9. Be3 f6 10. exf6 gxf6 11. Nc3 Nxe3 12. fxe3 Bh6 13. Qd2 Ne7 14. Bd3 Bd7 15. 0-0 e5 16. Bc2 0-0-0 17. Kh1 e4 18. Ng1 Kb8 19. Nge2 Bg5 20. Bb3 Be6 21. Nf4 f5 22. Rac1 h5 23. Nce2 Bf7 24. a4 h4 25. b5 Qh6 26. a5 Rc8 27. Qb4 Rhd8 28. Qa3 Rxc1 29. Rxc1 Qd6 30. Qxd6+ Rxd6 31. g3 1/2-1/2

[Event "POL-chT 2nd League"]
[Site "Jastrzebia Gora"]
[Date "2016.09.07"]
[Round "5.96"]
[White "Gorczyca, Aleksandra"]
[Black "Wilk, Oktawia"]
[Result "1/2-1/2"]
[WhiteElo "2106"]
[BlackElo "1704"]
[PlyCount "99"]
[EventDate "2016.09.03"]
[EventType "team-swiss"]
[EventRounds "9"]
[EventCountry "POL"]
[SourceTitle "EXT 2017"]
[Source "ChessBase"]
[SourceDate "2016.10.25"]
[SourceVersion "1"]
[SourceVersionDate "2016.10.25"]
[SourceQuality "1"]
[WhiteTeam "Ruda Slaska KS DORS"]
[BlackTeam "Gniezno LKS Chrobry II"]
[WhiteTeamCountry "POL"]
[BlackTeamCountry "POL"]

1. d4 e6 2. Nf3 d5 3. Bf4 c5 4. c3 Nc6 5. e3 cxd4 6. exd4 Bd6 7. Bg3 Nge7 8. Bd3 Ng6 9. 0-0 Nf4 10. Bxf4 Bxf4 11. Nbd2 Qc7 12. Re1 0-0 13. g3 Bh6 14. Ne5 Nxe5 15. dxe5 f6 16. Nf3 fxe5 17. Nxe5 g6 18. Qc2 Bg7 19. f4 b6 20. Qe2 Qc5+ 21. Qe3 Bxe5 22. Qxc5 bxc5 23. Rxe5 c4 24. Be2 Bd7 25. Rb1 Rfc8 26. Kf2 Kf7 27. Ke3 Rc5 28. Kd2 Ra5 29. a3 Rb8 30. Bd1 Rxa3 31. Bg4 Ra2 32. Kc2 Rb6 33. h4 a5 34. Re2 a4 35. Bf3 Rb3 36. Rd2 a3 37. Kc1 Rb6 38. Rh2 axb2+ 39. Rhxb2 Raxb2 40. Rxb2 Rxb2 41. Kxb2 Kf6 42. h5 Bc8 43. hxg6 hxg6 44. Be2 e5 45. fxe5+ Kxe5 46. Bf3 Bf5 47. Kc1 Be4 48. Bd1 Bd3 49. Bf3 g5 50. Kd2 1/2-1/2

[Event "POL-chT 2nd League"]
[Site "Jastrzebia Gora"]
[Date "2016.09.03"]
[Round "1.96"]
[White "Wilk, Oktawia"]
[Black "Mikulewicz, Joanna"]
[Result "0-1"]
[WhiteElo "1704"]
[BlackElo "2075"]
[PlyCount "108"]
[EventDate "2016.09.03"]
[EventType "team-swiss"]
[EventRounds "9"]
[EventCountry "POL"]
[SourceTitle "EXT 2019"]
[Source "ChessBase"]
[SourceDate "2018.10.10"]
[SourceVersion "1"]
[SourceVersionDate "2018.10.10"]
[SourceQuality "1"]
[WhiteTeam "Gniezno LKS Chrobry II"]
[BlackTeam "Czerwionka Leszczyny Skoczek"]
[WhiteTeamCountry "POL"]
[BlackTeamCountry "POL"]

1. e4 c5 2. Nf3 d6 3. d4 cxd4 4. Nxd4 Nf6 5. Nc3 Nc6 6. Be2 e6 7. Be3 Be7 8. 0-0 a6 9. Nxc6 bxc6 10. f3 0-0 11. Qd3 Qc7 12. Na4 Rb8 13. c4 Rd8 14. Qc2 c5 15. b3 Bb7 16. Rac1 Bc6 17. Nc3 Qb7 18. Bd3 h6 19. Rfe1 Nd7 20. Bf4 Ne5 21. Be2 Bf6 22. Red1 Qe7 23. Bg3 Be8 24. Bf1 Rb7 25. Ne2 Nc6 26. Bf2 a5 27. a3 Qc7 28. Kh1 a4 29. bxa4 Rb2 30. Qd3 Ne5 31. Qe3 Bxa4 32. Re1 Qb7 33. Bg1 Rb3 34. Nc3 Nc6 35. Qd2 Qa6 36. Nb5 Qa5 37. Qxa5 Nxa5 38. Rb1 Nc6 39. Rxb3 Bxb3 40. Re3 Ba4 41. Rd3 Be7 42. Rd2 Na5 43. Nc3 Bb3 44. Bf2 Bxc4 45. Bxc4 Nxc4 46. Ra2 d5 47. exd5 exd5 48. a4 d4 49. Nd1 Rb8 50. Ra1 Na5 51. Bg3 Rb7 52. Be1 Nb3 53. Rb1 c4 54. a5 Nxa5 0-1

[Event "Poznan op 24th"]
[Site "Poznan"]
[Date "2016.08.15"]
[Round "9"]
[White "Wilk, Oktawia"]
[Black "Ros Alonso, Joana"]
[Result "1/2-1/2"]
[WhiteElo "1681"]
[BlackElo "1872"]
[PlyCount "72"]
[EventDate "2016.08.08"]
[EventType "swiss"]
[EventRounds "9"]
[EventCountry "POL"]
[SourceTitle "EXT 2017"]
[Source "ChessBase"]
[SourceDate "2016.10.25"]
[SourceVersion "1"]
[SourceVersionDate "2016.10.25"]
[SourceQuality "1"]

1. d4 Nf6 2. c4 g6 3. Nc3 d5 4. Nf3 Bg7 5. Bf4 0-0 6. e3 c5 7. dxc5 Qa5 8. Rc1 Rd8 9. Qa4 Qxc5 10. b4 Qc6 11. Qxc6 bxc6 12. cxd5 cxd5 13. Bc7 Rd7 14. Nb5 a6 15. Bb6 axb5 16. Rxc8+ Bf8 17. Ba5 Rb7 18. Nd4 Ra6 19. Bxb5 Rxa5 20. bxa5 e5 21. Ke2 exd4 22. a6 Nxa6 23. Bxa6 Rb2+ 24. Kd3 Rxa2 25. Bb7 dxe3 26. fxe3 Ng4 27. Bxd5 Nf2+ 28. Kc3 Ra3+ 29. Kb2 Nxh1 30. Rxf8+ Kxf8 31. Kxa3 Nf2 32. Bf3 Ke7 33. Kb3 Nd3 34. Kc3 Ne5 35. Be2 Kd6 36. Kd4 f5 1/2-1/2

[Event "Poznan op 24th"]
[Site "Poznan"]
[Date "2016.08.13"]
[Round "7"]
[White "Wilk, Oktawia"]
[Black "Tamon, Radoslaw"]
[Result "1/2-1/2"]
[WhiteElo "1681"]
[BlackElo "1807"]
[PlyCount "98"]
[EventDate "2016.08.08"]
[EventType "swiss"]
[EventRounds "9"]
[EventCountry "POL"]
[SourceTitle "CBM 173 Extra"]
[Source "ChessBase"]
[SourceDate "2016.08.29"]
[SourceVersion "1"]
[SourceVersionDate "2016.08.29"]
[SourceQuality "1"]

1. e4 e6 2. d4 d5 3. exd5 exd5 4. Bd3 Bd6 5. c3 c6 6. Ne2 Ne7 7. Qc2 Qc7 8. h3 Be6 9. Be3 Nd7 10. Nd2 0-0-0 11. 0-0-0 g6 12. g3 Bf5 13. Bf4 Bxd3 14. Qxd3 Nf5 15. Bxd6 Nxd6 16. g4 Rde8 17. Ng3 Nf6 18. Rde1 Qd8 19. Re5 Nd7 20. Rxe8 Rxe8 21. Kd1 Qa5 22. Qb1 Nb6 23. Re1 Rxe1+ 24. Kxe1 Nbc4 25. Nxc4 Nxc4 26. Ne2 Kd7 27. b3 Nd6 28. f3 Qd8 29. Kf1 Qh4 30. Ng1 h5 31. Qe1 Qg5 32. Ke2 hxg4 33. hxg4 f5 34. Nh3 Qe7+ 35. Kd2 Qxe1+ 36. Kxe1 fxg4 37. fxg4 Ne4 38. c4 g5 39. Nf2 Nxf2 40. Kxf2 Kd6 41. c5+ Kc7 42. Ke3 b6 43. b4 a5 44. a3 Kb7 45. Kd3 axb4 46. axb4 Ka6 47. Kc3 Kb5 48. Kb3 bxc5 49. bxc5 Ka5 1/2-1/2

[Event "Poznan op 24th"]
[Site "Poznan"]
[Date "2016.08.12"]
[Round "5"]
[White "Wilk, Oktawia"]
[Black "Swiatek, Michal"]
[Result "1-0"]
[WhiteElo "1681"]
[BlackElo "1254"]
[PlyCount "57"]
[EventDate "2016.08.08"]
[EventType "swiss"]
[EventRounds "9"]
[EventCountry "POL"]
[SourceTitle "CBM 173 Extra"]
[Source "ChessBase"]
[SourceDate "2016.08.29"]
[SourceVersion "1"]
[SourceVersionDate "2016.08.29"]
[SourceQuality "1"]

1. e4 e6 2. d4 d5 3. exd5 exd5 4. Bd3 Bd6 5. c3 Nf6 6. Ne2 0-0 7. Bg5 Be6 8. Qc2 Nbd7 9. Bxh7+ Kh8 10. Bd3 c6 11. Nd2 Qc7 12. Bh4 Rfe8 13. 0-0-0 b5 14. Bg3 Rac8 15. Nb3 Bxg3 16. hxg3+ Kg8 17. Nf4 Nf8 18. Nc5 g6 19. Rde1 Bd7 20. Rxe8 Rxe8 21. Qd2 Qc8 22. f3 Ne6 23. Nfxe6 Bxe6 24. Qh6 Nh5 25. Nxe6 Qxe6 26. g4 Qe3+ 27. Qxe3 Rxe3 28. gxh5 Rxd3 29. Re1 1-0

[Event "Poznan op 24th"]
[Site "Poznan"]
[Date "2016.08.11"]
[Round "4"]
[White "Zurawski, Mateusz"]
[Black "Wilk, Oktawia"]
[Result "1/2-1/2"]
[WhiteElo "1210"]
[BlackElo "1681"]
[PlyCount "95"]
[EventDate "2016.08.08"]
[EventType "swiss"]
[EventRounds "9"]
[EventCountry "POL"]
[SourceTitle "CBM 173 Extra"]
[Source "ChessBase"]
[SourceDate "2016.08.29"]
[SourceVersion "1"]
[SourceVersionDate "2016.08.29"]
[SourceQuality "1"]

1. e4 e6 2. d4 d5 3. exd5 exd5 4. Bd3 Bd6 5. Ne2 Ne7 6. 0-0 0-0 7. Bf4 Bf5 8. c3 Bxd3 9. Qxd3 Ng6 10. Bxd6 Qxd6 11. Nd2 Nd7 12. Nf3 Rfe8 13. Ng3 Nf6 14. Rfe1 c6 15. Qd2 Qf4 16. Rxe8+ Rxe8 17. Re1 Qxd2 18. Rxe8+ Nxe8 19. Nxd2 Nd6 20. Ne2 Kf8 21. g3 Ne7 22. Nf4 g6 23. Nd3 f6 24. Nc5 Kf7 25. Kg2 b6 26. Nd3 a5 27. a4 Nc4 28. Nxc4 dxc4 29. Ne1 b5 30. axb5 cxb5 31. Nc2 Nd5 32. Na3 Nc7 33. Kf3 Ke6 34. Ke4 f5+ 35. Ke3 Kd5 36. f3 b4 37. Nc2 bxc3 38. bxc3 Nb5 39. Kd2 Kc6 40. Ne3 Nd6 41. Kc2 Kb5 42. Kb2 g5 43. h3 h5 44. Nd5 Kc6 45. Ne3 Kb5 46. h4 g4 47. f4 Kc6 48. Kc2 1/2-1/2

[Event "Poznan op 24th"]
[Site "Poznan"]
[Date "2016.08.09"]
[Round "2"]
[White "Walaszyk, Zbigniew"]
[Black "Wilk, Oktawia"]
[Result "0-1"]
[WhiteElo "1329"]
[BlackElo "1681"]
[PlyCount "86"]
[EventDate "2016.08.08"]
[EventType "swiss"]
[EventRounds "9"]
[EventCountry "POL"]
[SourceTitle "CBM 173 Extra"]
[Source "ChessBase"]
[SourceDate "2016.08.29"]
[SourceVersion "1"]
[SourceVersionDate "2016.08.29"]
[SourceQuality "1"]

1. e4 e6 2. d4 d5 3. Nc3 Nf6 4. Bg5 Be7 5. Nf3 Nxe4 6. Nxe4 dxe4 7. Bxe7 Qxe7 8. Ne5 Qb4+ 9. c3 Qxb2 10. Rc1 Qa3 11. Be2 0-0 12. 0-0 Nd7 13. Nc4 Qe7 14. Qc2 f5 15. Rb1 b6 16. f4 c5 17. Ne3 Nf6 18. h3 Bb7 19. Bc4 Bd5 20. Nxf5 exf5 21. Bxd5+ Nxd5 22. Qb3 Qf7 23. c4 Nb4 24. a4 Qf6 25. Rbd1 Nd3 26. d5 Qd4+ 27. Kh2 Qf6 28. Qc2 Qb2 29. Rd2 Qxc2 30. Rxc2 Rad8 31. Kg3 Rd6 32. Re2 Rb8 33. Kh4 a6 34. Kg5 g6 35. g3 b5 36. Rb1 Nb4 37. axb5 axb5 38. g4 fxg4 39. Rxe4 bxc4 40. Re7 Rxd5+ 41. Kxg4 Rf8 42. Rf1 Rd4 43. Kg5 Rf5+ 0-1

[Event "POL-ch U18 Girls"]
[Site "Szklarska Poreba"]
[Date "2016.03.18"]
[Round "7"]
[White "Wilk, Oktawia"]
[Black "Dwilewicz, Katarzyna"]
[Result "0-1"]
[WhiteElo "1683"]
[BlackElo "1811"]
[PlyCount "94"]
[EventDate "2016.03.13"]
[EventType "swiss"]
[EventRounds "9"]
[EventCountry "POL"]
[SourceTitle "EXT 2018"]
[Source "ChessBase"]
[SourceDate "2017.10.13"]
[SourceVersion "1"]
[SourceVersionDate "2017.10.13"]
[SourceQuality "1"]

1. e4 e5 2. Nf3 Nc6 3. Bb5 a6 4. Ba4 Nf6 5. 0-0 Nxe4 6. Re1 Nc5 7. Bxc6 dxc6 8. Rxe5+ Be7 9. Qe1 Ne6 10. d4 0-0 11. c3 Bd6 12. Re4 Qf6 13. Ne5 c5 14. d5 Ng5 15. Re2 Bxe5 16. Rxe5 Bf5 17. f4 Nh3+ 18. gxh3 Bxb1 19. Be3 Bf5 20. Bxc5 Rfd8 21. Qg3 Qg6 22. h4 f6 23. Re7 Rxd5 24. Rxc7 Re8 25. Bd4 Re2 26. Qxg6 hxg6 27. Rxb7 Be4 28. Re7 Kf8 29. Kf1 Kxe7 30. Kxe2 Rh5 31. Bf2 Rd5 32. Rd1 Bf3+ 33. Kxf3 Rxd1 34. a4 Kd6 35. Ke2 Ra1 36. b4 Rxa4 37. Kd3 Ra2 38. Bc5+ Ke6 39. h3 Rh2 40. Be3 Rxh3 41. c4 Rxh4 42. b5 axb5 43. cxb5 Kd5 44. b6 Kc6 45. Ke4 g5 46. Kf5 gxf4 47. Bxf4 g6+ 0-1

[Event "POL-ch U18 Girls"]
[Site "Szklarska Poreba"]
[Date "2016.03.17"]
[Round "6"]
[White "Glapa, Anna"]
[Black "Wilk, Oktawia"]
[Result "0-1"]
[WhiteElo "1716"]
[BlackElo "1683"]
[PlyCount "106"]
[EventDate "2016.03.13"]
[EventType "swiss"]
[EventRounds "9"]
[EventCountry "POL"]
[SourceTitle "EXT 2018"]
[Source "ChessBase"]
[SourceDate "2017.10.13"]
[SourceVersion "1"]
[SourceVersionDate "2017.10.13"]
[SourceQuality "1"]

1. e4 e6 2. d4 d5 3. Nc3 Nf6 4. Bg5 Be7 5. e5 Nfd7 6. Bxe7 Qxe7 7. f4 a6 8. Nf3 c5 9. dxc5 Qxc5 10. Bd3 Qe3+ 11. Ne2 f6 12. exf6 Nxf6 13. Qd2 Qxd2+ 14. Kxd2 Nc6 15. Rhe1 0-0 16. a3 Bd7 17. Rad1 Ng4 18. g3 e5 19. Nxe5 Ncxe5 20. fxe5 Nxe5 21. Nd4 Rf2+ 22. Re2 Raf8 23. Ke1 Rf1+ 24. Kd2 Rxd1+ 25. Kxd1 Bg4 26. Ke1 Nxd3+ 27. cxd3 Bxe2 28. Kxe2 Rf6 29. Nf3 Re6+ 30. Kd2 h6 31. Nh4 Rf6 32. Ke2 Kf7 33. Ng2 d4 34. Nf4 a5 35. Kd2 g5 36. Ne2 Rf2 37. h3 Rh2 38. Kd1 Rxh3 39. Nxd4 Rxg3 40. Kc2 Rg2+ 41. Kc3 h5 42. Nf5 h4 43. Nd6+ Ke7 44. Nxb7 h3 45. Nxa5 h2 46. b4 h1Q 47. Nc4 Qa1+ 48. Kb3 Qb1+ 49. Ka4 Qxd3 50. Na5 Ra2 51. Nc6+ Kf8 52. Ka5 Rxa3+ 53. Kb6 Ra6+ 0-1

[Event "POL-ch U18 Girls"]
[Site "Szklarska Poreba"]
[Date "2016.03.16"]
[Round "5"]
[White "Wilk, Oktawia"]
[Black "Kozubal, Aleksandra"]
[Result "1/2-1/2"]
[WhiteElo "1683"]
[BlackElo "1688"]
[PlyCount "127"]
[EventDate "2016.03.13"]
[EventType "swiss"]
[EventRounds "9"]
[EventCountry "POL"]
[SourceTitle "EXT 2018"]
[Source "ChessBase"]
[SourceDate "2017.10.13"]
[SourceVersion "1"]
[SourceVersionDate "2017.10.13"]
[SourceQuality "1"]

1. e4 c5 2. Nf3 Nc6 3. d4 cxd4 4. Nxd4 e6 5. Nc3 Qc7 6. Ndb5 Qb8 7. Be3 a6 8. Nd4 Nf6 9. a3 b5 10. Nxc6 dxc6 11. Qd3 Be7 12. f3 0-0 13. 0-0-0 a5 14. Nb1 Ba6 15. Qd2 a4 16. Qf2 Qc7 17. Bc5 Rfb8 18. c3 Bf8 19. Bxf8 Rxf8 20. Qc5 Rfd8 21. Be2 Qf4+ 22. Kc2 b4 23. c4 b3+ 24. Kc3 Qc7 25. Rxd8+ Rxd8 26. Rd1 Nd7 27. Qd6 Qa5+ 28. Qb4 Qe5+ 29. Kd2 Qd4+ 30. Kc1 Qe3+ 31. Qd2 Qc5 32. Qd6 Qg5+ 33. Rd2 h5 34. g3 g6 35. f4 Qf6 36. Qxc6 Nb8 37. Qc7 Rf8 38. e5 Qf5 39. Bd3 Qg4 40. Qc5 h4 41. Qf2 Rc8 42. c5 hxg3 43. hxg3 Bxd3 44. Rxd3 Qf5 45. Rc3 Qe4 46. Nd2 Qh1+ 47. Qf1 Qd5 48. Qf3 Rxc5 49. Qxd5 Rxc3+ 50. bxc3 exd5 51. c4 dxc4 52. Nxc4 Nd7 53. Nb2 Nc5 54. Kd2 Ne4+ 55. Kd3 Nxg3 56. Nxa4 Kf8 57. Nc5 Ne2 58. Nxb3 Nxf4+ 59. Ke4 Ne2 60. Nc5 Ke7 61. a4 Nc3+ 62. Kd4 Nxa4 63. Nxa4 f6 64. exf6+ 1/2-1/2

[Event "POL-ch U18 Girls"]
[Site "Szklarska Poreba"]
[Date "2016.03.15"]
[Round "3"]
[White "Wilk, Oktawia"]
[Black "Topolan, Agata"]
[Result "0-1"]
[WhiteElo "1683"]
[BlackElo "1889"]
[PlyCount "154"]
[EventDate "2016.03.13"]
[EventType "swiss"]
[EventRounds "9"]
[EventCountry "POL"]
[SourceTitle "EXT 2018"]
[Source "ChessBase"]
[SourceDate "2017.10.13"]
[SourceVersion "1"]
[SourceVersionDate "2017.10.13"]
[SourceQuality "1"]

1. e4 c6 2. Nf3 d5 3. Nc3 dxe4 4. Nxe4 Bg4 5. h3 Bh5 6. Ng3 Bg6 7. h4 h6 8. Ne5 Bh7 9. Qh5 g6 10. Bc4 e6 11. Qf3 Qf6 12. Qe2 Bg7 13. Ng4 Qe7 14. c3 Nd7 15. d4 f5 16. Nh2 e5 17. Nf3 e4 18. Ng1 Nb6 19. Bb3 Nf6 20. Bd2 a5 21. f3 Qd6 22. Qf2 0-0-0 23. 0-0-0 e3 24. Qxe3 Qxg3 25. Ne2 Qc7 26. Be6+ Nbd7 27. c4 Rhe8 28. Nf4 g5 29. hxg5 hxg5 30. Nh5 Nxh5 31. Rxh5 f4 32. Bxd7+ Qxd7 33. Qc3 Qf5 34. Rxh7 Qxh7 35. Qxa5 Kb8 36. Qxg5 Bh6 37. Bxf4+ Rd6 38. Qxh6 Qxh6 39. Bxh6 Rxh6 40. Rd2 Kc7 41. Kc2 Kd6 42. d5 cxd5 43. Rxd5+ Kc6 44. Rd2 Rg6 45. Kc3 Reg8 46. b4 Rxg2 47. b5+ Kc7 48. a4 R2g3 49. Rd3 Rf8 50. Kb4 Rgxf3 51. Rd5 R8f5 52. Rd4 Re5 53. c5 Rf1 54. b6+ Kc8 55. Rc4 Rb1+ 56. Ka5 Kd7 57. Rd4+ Ke6 58. Rd6+ Kf5 59. Rf6+ Ke4 60. Rf4+ Kd3 61. Rd4+ Kc3 62. Rd3+ Kc2 63. Rd2+ Kb3 64. Rd3+ Ka2 65. Ra3+ Kb2 66. Rb3+ Kc2 67. Rc3+ Kd2 68. Rd3+ Ke1 69. Rd5 Re2 70. c6 bxc6 71. Rh5 Reb2 72. Rh1+ Kf2 73. Rxb1 Rxb1 74. Ka6 c5 75. b7 c4 76. Ka7 Ra1 77. Kb6 Rb1+ 0-1

[Event "POL-ch U18 Girls"]
[Site "Szklarska Poreba"]
[Date "2016.03.13"]
[Round "1"]
[White "Dmochowska, Agnieszka"]
[Black "Wilk, Oktawia"]
[Result "1-0"]
[WhiteElo "1953"]
[BlackElo "1683"]
[PlyCount "109"]
[EventDate "2016.03.13"]
[EventType "swiss"]
[EventRounds "9"]
[EventCountry "POL"]
[SourceTitle "EXT 2018"]
[Source "ChessBase"]
[SourceDate "2017.10.13"]
[SourceVersion "1"]
[SourceVersionDate "2017.10.13"]
[SourceQuality "1"]

1. e4 e6 2. d4 d5 3. Nd2 Nf6 4. e5 Nfd7 5. Bd3 c5 6. c3 Nc6 7. Ne2 cxd4 8. cxd4 f6 9. exf6 Nxf6 10. Nf3 Bd6 11. 0-0 Qc7 12. Re1 0-0 13. Bg5 g6 14. Rc1 Nh5 15. Bh6 Ng7 16. a3 Qf7 17. Rf1 Re8 18. Qd2 Nf5 19. Bxf5 exf5 20. Nc3 Bf8 21. Bxf8 Rxf8 22. Rfe1 Rd8 23. Re2 b6 24. Rce1 Bb7 25. b4 a6 26. Na4 Qc7 27. Qh6 Qg7 28. Qf4 Qf7 29. Nxb6 Rab8 30. Na4 Re8 31. Nc5 Rxe2 32. Rxe2 Rd8 33. Re6 Ba8 34. Ne5 Qc7 35. Nxa6 Nxd4 36. Nxc7 Ne2+ 37. Kf1 Nxf4 38. Ra6 Bb7 39. Rb6 Ba8 40. g3 Nh5 41. Ne6 Re8 42. f4 Ng7 43. Nd4 Rc8 44. a4 Ne8 45. a5 Kg7 46. a6 Rc1+ 47. Kf2 Nc7 48. Rd6 Kf8 49. b5 Ke7 50. Rd7+ Ke8 51. Rxh7 Kd8 52. b6 Nxa6 53. Rh8+ Ke7 54. Rxa8 Nc5 55. Ra7+ 1-0